<?xml version="1.0" encoding="UTF-8"?>
<marc:record xmlns:marc="http://www.loc.gov/MARC21/slim">
   <marc:leader>00000nam a2200000 a 4500</marc:leader>
   <marc:datafield ind1="1" ind2=" " tag="100">
      <marc:subfield code="a">Werkmeister, Meike</marc:subfield>
      <marc:subfield code="4">aut</marc:subfield>
      <marc:subfield code="e">Verfasser/-in</marc:subfield>
   </marc:datafield>
   <marc:datafield ind1="0" ind2="0" tag="245">
      <marc:subfield code="a">Über dem Meer tanzt das Licht </marc:subfield>
   </marc:datafield>
   <marc:datafield ind1=" " ind2="1" tag="264">
      <marc:subfield code="b">Goldmann </marc:subfield>
      <marc:subfield code="c">2020</marc:subfield>
   </marc:datafield>
   <marc:datafield ind1="1" ind2=" " tag="520">
      <marc:subfield code="a">Maria hat die halbe Welt bereist, nie ein Abenteuer ausgelassen. Dass sie schließlich auf der kleinen Insel Norderney landet, wäre ihr im Traum nicht eingefallen. Doch da ist sie nun – und sie ist glücklich. Maria liebt ihr kleines Strandcafé. Noch mehr liebt sie ihre Familie, die Töchter Morlen und Hannah. Und Simon, Hannahs Vater. Ihr Leben ist randvoll, für Probleme bleibt da keine Zeit. Bis Simon aus dem gemeinsamen Alltag ausbricht und mit Hannah verreist. Plötzlich hat Maria wieder Zeit. Und mit der Zeit kommen die Fragen. Steckt in ihr noch die alte Abenteurerin? Ist sie eine andere geworden? Und wenn ja – wo gehört sie wirklich hin?</marc:subfield>
   </marc:datafield>
   <marc:datafield ind1=" " ind2=" " tag="020">
      <marc:subfield code="a">9783442487882</marc:subfield>
      <marc:subfield code="9">9783442487882</marc:subfield>
   </marc:datafield>
</marc:record>
